Modern Concepts of Ecology (Record no. 947)

MARC details
000 -LEADER
Fixed length control field 00467nam a2200181 4500
003 - CONTROL NUMBER IDENTIFIER
Control field SEACOMMC
005 - DATE AND TIME OF LATEST TRANSACTION
Control field 20250429145343.0
008 - FIXED-LENGTH DATA ELEMENTS--GENERAL INFORMATION
Fixed length control field 241228b |||||||| |||| 00| 0 eng d
020 ## - INTERNATIONAL STANDARD BOOK NUMBER / ISBN
International Standard Book Number 0-70698-676-8
Price Rs.195.00
040 ## - CATALOGING SOURCE
Original cataloging agency SEACOMMC
082 ## - DEWEY DECIMAL CLASSIFICATION NUMBER
Classification number 577
Book Number K 96
100 ## - MAIN ENTRY--PERSONAL NAME
Personal name Kumar, H.D.
245 1# - TITLE STATEMENT
Title Modern Concepts of Ecology
Statement of responsibility H. D. Kumar
250 ## - EDITION STATEMENT
Edition statement 8th rev.ed.
260 ## - IMPRINT
Place of publication New Delhi
Name of publisher Vikas Publishing House
Date of publication 1995
650 ## - SUBJECT ADDED ENTRY--TOPICAL TERM
Topical term Ecology
942 ## - ADDED ENTRY ELEMENTS (KOHA)
Koha item type Books
Holdings
Withdrawn status Lost status Source of classification Damaged status Not for loan Home library Current library Shelving location Date acquired Total Checkouts Call number Accession number Date last seen Price effective from Koha item type Copy number
    Dewey Decimal Classification     SEACOM MANAGEMENT COLLEGE SEACOM MANAGEMENT COLLEGE Reference 15/12/2007   577 K 96 M-1389 28/12/2024 28/12/2024 Books  
    Dewey Decimal Classification     SEACOM MANAGEMENT COLLEGE SEACOM MANAGEMENT COLLEGE   15/12/2007   577 K 96 M-1390 28/12/2024 28/12/2024 Books 1
    Dewey Decimal Classification     SEACOM MANAGEMENT COLLEGE SEACOM MANAGEMENT COLLEGE   15/12/2007   577 K 96 M-1391 28/12/2024 28/12/2024 Books 2
    Dewey Decimal Classification     SEACOM MANAGEMENT COLLEGE SEACOM MANAGEMENT COLLEGE   15/12/2007   577 K 96 M-1392 28/12/2024 28/12/2024 Books 3
    Dewey Decimal Classification     SEACOM MANAGEMENT COLLEGE SEACOM MANAGEMENT COLLEGE   15/12/2007   577 K 96 M-1393 28/12/2024 28/12/2024 Books 4
    Dewey Decimal Classification     SEACOM MANAGEMENT COLLEGE SEACOM MANAGEMENT COLLEGE   15/12/2007   577 K 96 M-1394 28/12/2024 28/12/2024 Books 5
© Seacom Engineering College, All rights reserved.    Powered by Koha